<?xml version="1.0" encoding="UTF-8"?>
<record
    xmlns:xsi="http://www.w3.org/2001/XMLSchema-instance"
    xsi:schemaLocation="http://www.loc.gov/MARC21/slim http://www.loc.gov/standards/marcxml/schema/MARC21slim.xsd"
    xmlns="http://www.loc.gov/MARC21/slim">

  <leader>00485nam a2200181Ia 4500</leader>
  <controlfield tag="001">65680</controlfield>
  <controlfield tag="008">221028n        ii  |||gr||||Z||||||asm</controlfield>
  <datafield tag="082" ind1=" " ind2=" ">
    <subfield code="a">891.4141</subfield>
  </datafield>
  <datafield tag="100" ind1=" " ind2=" ">
    <subfield code="a">Bhagabati, Pranab.</subfield>
  </datafield>
  <datafield tag="245" ind1=" " ind2="0">
    <subfield code="a">Nadikendric Assamiya Upanyas</subfield>
    <subfield code="c">By Pranab Bhagabati</subfield>
    <subfield code="h">Textual Documents</subfield>
  </datafield>
  <datafield tag="250" ind1=" " ind2=" ">
    <subfield code="a">First.</subfield>
  </datafield>
  <datafield tag="260" ind1=" " ind2=" ">
    <subfield code="a">Nam, lbari:</subfield>
    <subfield code="b">Pratap Bhagabati,</subfield>
    <subfield code="c">2020.</subfield>
  </datafield>
  <datafield tag="300" ind1=" " ind2=" ">
    <subfield code="a">285pg:</subfield>
    <subfield code="c">23cm.</subfield>
  </datafield>
  <datafield tag="653" ind1=" " ind2=" ">
    <subfield code="a">Assamese</subfield>
  </datafield>
  <datafield tag="653" ind1=" " ind2=" ">
    <subfield code="a">Assamiya Upanyas</subfield>
  </datafield>
  <datafield tag="653" ind1=" " ind2=" ">
    <subfield code="a">G-Assamese</subfield>
  </datafield>
  <datafield tag="942" ind1=" " ind2=" ">
    <subfield code="2">ddc</subfield>
    <subfield code="c">BK</subfield>
  </datafield>
  <datafield tag="952" ind1=" " ind2=" ">
    <subfield code="0">0</subfield>
    <subfield code="1">0</subfield>
    <subfield code="4">0</subfield>
    <subfield code="7">0</subfield>
    <subfield code="8">General </subfield>
    <subfield code="a">SKBL</subfield>
    <subfield code="b">SKBL</subfield>
    <subfield code="c">G-Assamese</subfield>
    <subfield code="d">2022-10-28</subfield>
    <subfield code="f">00000</subfield>
    <subfield code="g">300.00</subfield>
    <subfield code="l">2</subfield>
    <subfield code="m">2</subfield>
    <subfield code="o">891.4141 Bh 469 Na</subfield>
    <subfield code="p">6100/cu/ass</subfield>
    <subfield code="r">2025-06-12 14:14:07</subfield>
    <subfield code="s">2025-06-03</subfield>
    <subfield code="t">1</subfield>
    <subfield code="w">2022-10-28</subfield>
    <subfield code="y">BK</subfield>
  </datafield>
  <datafield tag="952" ind1=" " ind2=" ">
    <subfield code="0">0</subfield>
    <subfield code="1">0</subfield>
    <subfield code="4">0</subfield>
    <subfield code="7">0</subfield>
    <subfield code="8">General </subfield>
    <subfield code="a">SKBL</subfield>
    <subfield code="b">SKBL</subfield>
    <subfield code="c">G-Assamese</subfield>
    <subfield code="d">2022-10-28</subfield>
    <subfield code="f">00000</subfield>
    <subfield code="g">300.00</subfield>
    <subfield code="l">1</subfield>
    <subfield code="o">891.4141 Bh 469 Na</subfield>
    <subfield code="p">6099/cu/ass</subfield>
    <subfield code="r">2024-11-26 13:15:44</subfield>
    <subfield code="s">2024-06-27</subfield>
    <subfield code="t">2</subfield>
    <subfield code="w">2022-10-28</subfield>
    <subfield code="y">BK</subfield>
  </datafield>
  <datafield tag="999" ind1=" " ind2=" ">
    <subfield code="c">66773</subfield>
    <subfield code="d">66773</subfield>
  </datafield>
</record>
